Association of phytoplasma-like organism (PLO) in tapping panel dryness (TPD) of rubber (Hevea brasiliensis). (Record no. 74908)

MARC details
000 -LEADER
fixed length control field 00673nam a22001457a 4500
100 ## - MAIN ENTRY--AUTHOR NAME
Personal name Philip, S
245 ## - TITLE STATEMENT
Title Association of phytoplasma-like organism (PLO) in tapping panel dryness (TPD) of rubber (Hevea brasiliensis).
260 ## - PUBLICATION, DISTRIBUTION, ETC. (IMPRINT)
Name of publisher Virtual National Symposium on Sustainable plant Health Management Amidst Covid Pandemic: Challenges and Strategies. 1-3 December 2021, Indian Phytopathological Society, New Delhi and Central Plantation Crops Research Institute, Kasaragod, India, Abstracts, p.63.
Year of publication 2022
650 ## - SUBJECT ADDED ENTRY--TOPICAL TERM
Topical Term Phytoplasma-like organism
650 ## - SUBJECT ADDED ENTRY--TOPICAL TERM
Topical Term Tapping panel dryness
700 ## - ADDED ENTRY--PERSONAL NAME
Personal name Prem, E.E
700 ## - ADDED ENTRY--PERSONAL NAME
Personal name Vineeth, V.K
700 ## - ADDED ENTRY--PERSONAL NAME
Personal name Thomas, V
942 ## - ADDED ENTRY ELEMENTS (KOHA)
Koha item type Journals
Holdings
Withdrawn status Lost status Damaged status Not for loan Home library Current library Date acquired Koha item type
        RRII Library RRII Library 26/12/2022 Journals